World Cup 2014 Players by Letters - B - Statistics

General Stats
  • This quiz has been taken 123 times
  • The average score is 12 of 63
Answer Stats
Team Player % Correct
Leonardo Bonucci
54%
Mario Balotelli
54%
Italy Gianluigi Buffon
52%
France Karim Benzema
51%
Germany Jérôme Boateng
45%
Kévin-Prince Boateng
45%
Andrea Barzagli
44%
Spain Sergio Busquets
40%
Brazil Bernard
36%
Croatia Marcelo Brozovic
36%
Michael Bradley
36%
Chile Christian Bravo
34%
Portugal Beto
33%
Netherlands Daley Blind
32%
Ross Barkley
31%
England Leighton Baines
28%
Lucas Biglia
27%
Wilfried Bony
27%
Yacine Brahimi
26%
Bosnia Asmir Begovic
23%
Valon Behrami
22%
Ivory Coast Boubacar Barry
21%
Carlos Bacca
21%
Switzerland Diego Benaglio
20%
Milan Badelj
17%
Arthur Boka
16%
Jean Beausejour
16%
Christian Bolanos
14%
USA DaMarcus Beasley
14%
Kyle Beckerman
14%
Costa Rica Celso Borges
13%
John Brooks
12%
Mark Bresciano
12%
Sol Bamba
12%
Roman Bürki
11%
Jerry Bengtson
9%
Matt Besler
9%
Muhamed Besic
9%
Nabil Bentaleb
9%
Adrian Bone
8%
Colombia Eder Balanta
8%
Algeria Madjid Bougherra
8%
Ecuador Maximo Banguera
8%
Australia Oliver Bozanic
8%
Belgium Sammy Bossut
8%
Tranquillo Barnetta
8%
Ermin Bicakcic
7%
Ghana John Boye
7%
Argentina José Maria Basanta
7%
Mathis Bolly
7%
Honduras Victor Bernardez
7%
Alejandro Bedoya
6%
Brayan Beckeles
6%
Essaïd Belkalem
6%
Iran Hashem Beikzadeh
6%
Cameroon Henri Bedimo
6%
Mexico Isaac Brizuela
6%
Michael Barrantes
6%
Nigeria Michel Babatunde
6%
Oscar Bagui
6%
Costa Rica Randall Brenes
6%
Steven Beitashour
6%
Russia Vassili Bérézoutski
4%
No matching quizzes found
Score Distribution
Percent of People with Each Score
Percentile by Number Answered
Your Score History
You have not taken this quiz